Central Library OPAC University of Rajshahi

اقبال: معاصرین کی نظر میں ;; Iqbāl : mu'āṣrīn ki nazar men̲ / (Record no. 84816)

MARC details
000 -LEADER
fixed length control field 00707nam a22002177a 4500
001 - CONTROL NUMBER
control field 84816
003 - CONTROL NUMBER IDENTIFIER
rucl marc code BD-RjUL
005 - DATE AND TIME OF LATEST TRANSACTION
control field 20250416113650.0
008 - FIXED-LENGTH DATA ELEMENTS--GENERAL INFORMATION
fixed length control field 250416s1982 ii ||||| |||| 00| 0 urd d
035 ## - SYSTEM CONTROL NUMBER
System control number (BD-RjUL)84816
040 ## - CATALOGING SOURCE
Original cataloging agency BD-RjUL
Language of cataloging eng
Transcribing agency BD-RjUL
041 ## - LANGUAGE CODE
Language code of text/sound track or separate title urd
082 ## - DEWEY DECIMAL CLASSIFICATION NUMBER
Edition number 23
Classification number 891.43909
Author mark and year AZI 1982
245 ## - TITLE STATEMENT
Title اقبال: معاصرین کی نظر میں ;; Iqbāl : mu'āṣrīn ki nazar men̲ /
Statement of responsibility, etc. Sayyid Vaqār ʻAz̤īm :وقار عظیم
260 ## - PUBLICATION, DISTRIBUTION, ETC. (IMPRINT)
Place of publication, distribution, etc. Aligarh:
Name of publisher, distributor, etc. Educational Book House,
Date of publication, distribution, etc. 1982
300 ## - PHYSICAL DESCRIPTION
Pagination 379 p. ;
Size 22 cm
600 ## - SUBJECT ADDED ENTRY--PERSONAL NAME
Personal name Iqbal, Muhammad, Sir,
Dates associated with a name 1877-1938
650 ## - SUBJECT ADDED ENTRY--TOPICAL TERM
Topical term or geographic name as entry element Urdu literature
Topical term or geographic name as entry element Urdu literature
Form subdivision History and criticism
942 ## - ADDED ENTRY ELEMENTS (KOHA)
Source of classification or shelving scheme Dewey Decimal Classification
Koha item type Books
Holdings
Lost status Source of classification or shelving scheme Damaged status Not for loan Collection code Permanent Location Current Location Shelving location Date acquired Source of acquisition Cost, normal purchase price Full call number Date last seen Copy number Koha item type
  Dewey Decimal Classification   Not For Loan Non-fiction Central Library, University of Rajshahi Central Library, University of Rajshahi Reading Room 24/08/1982 India International 50.00 U 891.43909 AZI 1982 16/04/2025 C-1 Books